| 000 | 006870000a22001210004500 | ||
|---|---|---|---|
| 100 | 1 | _aCaicedo, Roberto. | |
| 245 | 1 | 0 | _aMemoria de Jesús, memoria de las victimas. Una interpretación desde Lc 22.14-22 |
| 300 | _aVol.1, no.1 (jun. - dic.,2009), p. 83-108 | ||
| 520 | _aEsta tesis parte de la lectura y el analisis del texto lucano de la última cena de Jesús con sus discipulos, antes de enfrentar la muerte por crucifixión, en el contexto de la cena pascual judía y revisa si la invitación de Jesús no tendría otra pretensión diferente que la de perpetuar un acto litúrgico alrededor de su "muerte salvífica". | ||
| 650 | 1 | 4 | _aCENA |
| 773 | 0 | _tkronos teológico | |
| 942 | _cANA | ||
| 999 |
_c63335 _d63335 |
||